000 00880cas a22002054i 4500
999 _c54604
_d54604
001 768714001
003 CO-MdFUSB
005 20240618062718.0
008 180821s1991 xxu||||| |||| 00| 0 eng d
040 _aCO-MdFUSB
_bspa
_cCO-MdFUSB
_dCO-MdFUSB
041 _aeng
100 1 _aBolaño, Dominga
_eautor
245 0 0 _aReligion not the real issue on Colombian TV Show
300 _aVolumen 71. Número 3 (1991), páginas 15
_c: 28 cm
520 _aEste artículo hace referencia al crecimiento evangélico que fue el foco en un programa de la televisión colombiana en la década de los 80 y en el cual se entrevistaron a dos representantes de la iglesia católica y dos lideres evangélicos.
546 _aTexto en inglés
650 0 _aMisiones
_9154
773 0 _tLatin America Evangelist
_049466
_960815
_gVolumen 71. Número 3 (1991), páginas 15
_qPágina 15
942 _cANA